000 00476nam a22001457a 4500
003 OSt
082 _a664
_bANN/DE
088 _aT 499
100 _aAnn Annie Shaju
245 _aDevelopment of small scale paraboiling cum drying unit for paddy processing
260 _aTavanur
_bDepartment of Processing and Food Engineering
_c2020
700 _aSudheer K P (Guide)
856 _uhttps://drive.google.com/file/d/1nAJpg2E5pvD5tfjs5u_W_a1o7f61O0H_/view?usp=sharing
942 _cTH
999 _c17377
_d17377